000
00293nam a2200145Ia 4500
650
_a
Dictionary
942
_c
BK
366
_f
20
245
_a
Cambridge Idioms dictionary
260
_b
Cambridge
_c
2006
082
_a
25
_b
CAM
300
_a
505
546
_a
ENGLISH
_c
Computers
999
_c
28353
_d
28353